One-club Professional Soccer Players - Statistics

General Stats
  • This quiz has been taken 37 times
  • The average score is 8 of 20
Answer Stats
Club Years Position Answer % Correct
AC Milan 1985-2009 Defender Paolo Maldini
97%
AS Roma 1992-2017 Forward Francesco Totti
85%
CF Barcelona 2004-present Forward Lionel Messi
79%
CF Barcelona 1999-2014 Defender Carles Puyol
76%
Manchester United 1990-2014 Forward Ryan Giggs
70%
Liverpool FC 1996-2013 Defender Jamie Carragher
64%
Dynamo Moscow 1949-1971 Goalkeeper Lev Yashin
61%
AS Roma 2001-present Midfielder Daniele De Rossi
55%
Arsenal 1983-2002 Defender Tony Adams
52%
AC Milan 1977-1997 Defender Franco Baresi
48%
Southampton 1986-2002 Forward Matt Le Tissier
39%
Sporting CP 2006-present Goalkeeper Rui Patrício
30%
Borussia Mönchengladbach 1965-1979 Defender Bertie Vogts
18%
Everton 2000-2016 Defender Tony Hibbert
18%
Bayern Munich 1965-1980 Goalkeeper Sepp Maier
15%
Internationale Milan 1960-1978 Defender Giacinto Facchetti
12%
Werder Bremen 1978-1995 Defender Thomas Schaaf
9%
Celtic Glasgow 1978-1997 Goalkeeper Patrick Bonner
6%
Zenit St. Petersburg 1999-2016 Goalkeeper Vyacheslav Malafeev
6%
Club Brugge 1984-1999 Midfielder Franky Van der Elst
3%
No matching quizzes found
Score Distribution
Percent of People with Each Score
Percentile by Number Answered
Your Score History
You have not taken this quiz